[Event "III Open A"]
[Site "Lodi ITA"]
[Date "2007.06.09"]
[Round "2"]
[White "Dragojlovic, Andjelko"]
[Black "Damia, Angelo"]
[Result "1-0"]
[WhiteElo "2412"]
[BlackElo "2212"]
[PlyCount "47"]
[EventDate "2007.06.08"]

1. b4 c6 2. Bb2 Qb6 3. a3 a5 4. c4 axb4 5. c5 Qc7 6. axb4 Rxa1 7. Bxa1 d6 8. d4
e5 9. e3 b6 10. cxd6 Bxd6 11. dxe5 Bxb4+ 12. Nd2 Be6 13. Ngf3 Ne7 14. Bd3 O-O
15. Qb1 Bxd2+ 16. Nxd2 h6 17. O-O Nd7 18. f4 f5 19. exf6 Nxf6 20. e4 b5 21. f5
Qb6+ 22. Kh1 Qe3 23. fxe6 Qxd2 24. e5 1-0

[Event "III Open A"]
[Site "Lodi ITA"]
[Date "2007.06.09"]
[Round "2"]
[White "Gerola, Fausto"]
[Black "Pokorna, Regina"]
[Result "0-1"]
[WhiteElo "1799"]
[BlackElo "2343"]
[PlyCount "50"]
[EventDate "2007.06.08"]

1. e4 e5 2. Nf3 Nc6 3. Bc4 Bc5 4. c3 d6 5. d4 exd4 6. cxd4 Bb6 7. h3 Nf6 8. O-O
O-O 9. Qd3 h6 10. Nc3 Nb4 11. Qb1 d5 12. exd5 Nbxd5 13. Be3 c6 14. Qd3 Bc7 15.
Rfe1 Qd6 16. Rad1 Be6 17. Bb3 Nxe3 18. fxe3 Bxh3 19. Ne5 Bg4 20. Rd2 Rae8 21.
Ne4 Nxe4 22. Qxe4 Rxe5 23. Qxe5 Qd8 24. Qe4 Qh4 25. Red1 Bh2+ 0-1

[Event "III Open A"]
[Site "Lodi ITA"]
[Date "2007.06.09"]
[Round "2"]
[White "Giretti Kanev, Jasen"]
[Black "Sibilio, Mario"]
[Result "1/2-1/2"]
[WhiteElo "2184"]
[BlackElo "2383"]
[PlyCount "96"]
[EventDate "2007.06.08"]

1. Nf3 d6 2. d4 g6 3. e4 Nf6 4. Bd3 Bg7 5. O-O O-O 6. h3 Nc6 7. c3 e5 8. dxe5
dxe5 9. Na3 Be6 10. Bg5 h6 11. Bxf6 Qxf6 12. Bc4 Rad8 13. Qe2 Bc8 14. b4 Qe7
15. Nc2 Nb8 16. Ne3 c6 17. Rad1 Nd7 18. Bb3 Nf6 19. Nc4 Nh5 20. Rxd8 Rxd8 21.
Rd1 Rf8 22. Qd2 Be6 23. Qd6 Qxd6 24. Nxd6 Bxb3 25. axb3 Rd8 26. Rd2 b6 27. Nb7
Rxd2 28. Nxd2 Nf4 29. Nd8 Ne2+ 30. Kf1 Nxc3 31. Nxc6 Nb5 32. Ke2 f6 33. Kd3 Bf8
34. Kc4 a6 35. Kd3 Nc7 36. Nc4 b5 37. Nb6 Kf7 38. Kc3 Ke6 39. f3 h5 40. Nb8 Bh6
41. Kd3 Bf8 42. Kc3 Bh6 43. N8d7 Be3 44. Nc5+ Ke7 45. Nc8+ Kd8 46. Nd6 Ke7 47.
Nc8+ Kf7 48. Nd6+ Ke7 1/2-1/2

[Event "III Open A"]
[Site "Lodi ITA"]
[Date "2007.06.09"]
[Round "2"]
[White "Martinez, Rolly"]
[Black "Rombaldoni, Andrea"]
[Result "1-0"]
[WhiteElo "2422"]
[BlackElo "2235"]
[PlyCount "109"]
[EventDate "2007.06.08"]

1. e4 e5 2. Bc4 Nf6 3. d3 Nc6 4. Nc3 Na5 5. Nge2 Nxc4 6. dxc4 d6 7. Qd3 c6 8.
Bg5 h6 9. Bh4 g5 10. Bg3 Nh5 11. O-O-O Be6 12. f3 Nxg3 13. Nxg3 Qa5 14. Nf5
Bxf5 15. exf5 f6 16. h4 O-O-O 17. Kb1 Be7 18. Qe4 Kb8 19. Rd3 Rhe8 20. Rhd1 Rd7
21. Qg4 Rc8 22. Qh5 Bf8 23. Qg6 Qd8 24. Ne4 d5 25. cxd5 cxd5 26. c3 d4 27. cxd4
exd4 28. Qxf6 Qxf6 29. Nxf6 Rf7 30. hxg5 hxg5 31. Ne4 Rxf5 32. Rxd4 g4 33. Ng3
Rg5 34. Rxg4 Rxg4 35. fxg4 Bh6 36. a3 Rc4 37. Nf5 Bf4 38. Rd4 Rc1+ 39. Ka2 Bg5
40. Nd6 a6 41. Rc4 Rg1 42. Rc8+ Ka7 43. Rc7 Kb6 44. Rxb7+ Kc6 45. Rg7 Bf4 46.
Ne4 Rxg2 47. Rg6+ Kd5 48. Nc3+ Kc4 49. Rxa6 Be5 50. Ra4+ Kd3 51. Kb3 Bd4 52.
Rb4 Be5 53. Rb5 Bg7 54. Rd5+ Ke3 55. g5 1-0

[Event "III Open A"]
[Site "Lodi ITA"]
[Date "2007.06.09"]
[Round "2"]
[White "Okhotnik, Vladimir"]
[Black "D'Apa, Matteo"]
[Result "1-0"]
[WhiteElo "2484"]
[BlackElo "2055"]
[PlyCount "77"]
[EventDate "2007.06.08"]

1. e4 e5 2. Nf3 Nc6 3. Nc3 Bc5 4. Nxe5 Bxf2+ 5. Kxf2 Nxe5 6. d4 Ng6 7. Bc4 d6
8. Rf1 Be6 9. Qd3 N8e7 10. Bxe6 fxe6 11. Qb5+ Qd7 12. Kg1 c6 13. Qa5 Rf8 14.
Be3 b6 15. Qh5 h6 16. Rxf8+ Kxf8 17. Rf1+ Kg8 18. Rf3 Rf8 19. Rg3 Qe8 20. Qg4
e5 21. h4 Qc8 22. Qxc8 Rxc8 23. dxe5 dxe5 24. h5 Nf4 25. Bxf4 exf4 26. Rd3 Kf7
27. Ne2 g5 28. Rd6 Ng8 29. Kf2 Nf6 30. Kf3 Nxh5 31. Rxh6 Nf6 32. e5 Nd5 33. Nd4
Ne3 34. Rf6+ Ke8 35. Rg6 c5 36. Rg8+ Kd7 37. Rg7+ Ke8 38. Nb5 Nc4 39. Rg8+ 1-0

[Event "III Open A"]
[Site "Lodi ITA"]
[Date "2007.06.09"]
[Round "2"]
[White "Omeri, Silvan"]
[Black "Borgo, Giulio"]
[Result "0-1"]
[WhiteElo "2168"]
[BlackElo "2418"]
[PlyCount "64"]
[EventDate "2007.06.08"]

1. Nf3 d5 2. g3 g6 3. c4 d4 4. d3 Bg7 5. Bg2 Nc6 6. O-O a5 7. Na3 e5 8. Nb5
Nge7 9. Bd2 O-O 10. a3 h6 11. b4 Be6 12. bxa5 Nb8 13. a4 Na6 14. Rb1 Nc6 15.
Ne1 Qd7 16. Na3 Rab8 17. Rb5 Bh3 18. Bxh3 Qxh3 19. Nac2 Rfe8 20. Qb1 e4 21.
dxe4 Rxe4 22. Nb4 Rbe8 23. Ned3 g5 24. e3 Bf8 25. Nc2 Bd6 26. Nce1 Nd8 27. exd4
Ne6 28. Bc3 Rxd4 29. Bxd4 Nxd4 30. Rb2 Nc5 31. Nxc5 Rxe1 32. f3 Qxf1# 0-1

[Event "III Open A"]
[Site "Lodi ITA"]
[Date "2007.06.09"]
[Round "2"]
[White "Pedini, Dario"]
[Black "Mrdja, Milan"]
[Result "0-1"]
[WhiteElo "2024"]
[BlackElo "2367"]
[PlyCount "82"]
[EventDate "2007.06.08"]

1. e4 c5 2. Nc3 Nc6 3. g3 g6 4. Bg2 Bg7 5. d3 d6 6. f4 Qd7 7. Nf3 b6 8. O-O Bb7
9. Be3 Nh6 10. h3 f5 11. Ng5 Nd4 12. Qd2 O-O 13. Rab1 Nf7 14. Nxf7 Rxf7 15.
Rfe1 e5 16. Nd5 fxe4 17. dxe4 Bxd5 18. exd5 Nf5 19. Bf2 exf4 20. Qxf4 Raf8 21.
Qg4 Qd8 22. Rf1 Be5 23. c3 Qf6 24. h4 h5 25. Qf3 b5 26. Qd3 c4 27. Qe2 Bxg3 28.
Bxg3 Nxg3 29. Qc2 Nxf1 30. Rxf1 Qg7 31. Re1 Rf4 32. Re6 R8f6 33. Qe2 Rxh4 34.
Re7 Rf7 35. Qe6 Rhf4 36. Re8+ Kh7 37. Qxd6 b4 38. Re3 bxc3 39. bxc3 Qh6 40. Re6
Qg5 41. Re1 Rf2 0-1

[Event "III Open A"]
[Site "Lodi ITA"]
[Date "2007.06.09"]
[Round "2"]
[White "Rombaldoni, Axel"]
[Black "Lazic, Miroljub"]
[Result "1/2-1/2"]
[WhiteElo "2221"]
[BlackElo "2450"]
[PlyCount "95"]
[EventDate "2007.06.08"]

1. e4 d6 2. d4 Nf6 3. Nc3 e5 4. Nf3 Nbd7 5. Bc4 Be7 6. O-O O-O 7. h3 c6 8. a4
a5 9. Re1 exd4 10. Qxd4 Nc5 11. Bf4 Be6 12. Rad1 Ne8 13. Bg3 Qb6 14. b3 Rd8 15.
Bxe6 fxe6 16. e5 d5 17. Bh4 Rd7 18. Bxe7 Rxe7 19. Qh4 Qc7 20. Rd4 Rd7 21. Ng5
h6 22. Nf3 Rdf7 23. Rg4 Kh8 24. Qg3 Kh7 25. Rh4 Rf5 26. Re2 Qe7 27. Rg4 R5f7
28. Rh4 Rxf3 29. gxf3 g5 30. Rg4 Ng7 31. f4 Nh5 32. Qe3 Nxf4 33. Re1 Ng6 34.
Ne2 Rf5 35. f4 Ne4 36. fxg5 Nxe5 37. Nd4 hxg5 38. Rxe4 dxe4 39. Qxe4 Qc5 40.
Kh1 Ng6 41. Nxf5 exf5 42. Qd3 Kh6 43. Re6 Qf2 44. Rf6 Qe1+ 45. Kg2 Kg7 46. Rxf5
Nh4+ 47. Kh2 Nxf5 48. Qxf5 1/2-1/2

[Event "III Open A"]
[Site "Lodi ITA"]
[Date "2007.06.09"]
[Round "2"]
[White "Rombaldoni, Denis"]
[Black "Ranfagni, Stefano"]
[Result "1-0"]
[WhiteElo "2368"]
[BlackElo "2034"]
[PlyCount "71"]
[EventDate "2007.06.08"]

1. d4 e6 2. c4 f5 3. h4 Nf6 4. h5 d5 5. Bf4 Bb4+ 6. Nc3 Ne4 7. Rc1 c6 8. Qb3
Qb6 9. c5 Bxc3+ 10. bxc3 Qxb3 11. axb3 Nd7 12. f3 Nef6 13. h6 g6 14. Bd6 b6 15.
Nh3 bxc5 16. Ng5 c4 17. Nxe6 Kf7 18. Ng5+ Ke8 19. bxc4 dxc4 20. e4 Nb6 21. Kd2
Bb7 22. e5 Nfd5 23. Bc5 Ba6 24. e6 Na4 25. Bd6 Rc8 26. Ra1 Bb5 27. Bxc4 Ndxc3
28. Bb3 c5 29. Be5 c4 30. Bxa4 Nxa4 31. Bxh8 c3+ 32. Ke3 Ke7 33. Be5 c2 34. d5
Nb2 35. Rxa7+ Ke8 36. Bxb2 1-0

[Event "III Open A"]
[Site "Lodi ITA"]
[Date "2007.06.09"]
[Round "2"]
[White "Salvador, Roland"]
[Black "Sciortino, Massimo"]
[Result "1-0"]
[WhiteElo "2452"]
[BlackElo "2254"]
[PlyCount "117"]
[EventDate "2007.06.08"]

1. d4 f5 2. g3 Nf6 3. c4 e6 4. Bg2 Be7 5. Nh3 O-O 6. O-O d6 7. Nc3 Qe8 8. e4
Nxe4 9. Nxe4 fxe4 10. Bxe4 Nc6 11. Qd3 e5 12. Bxh7+ Kh8 13. Bg6 Qd7 14. Ng5
Bxg5 15. Bxg5 Nxd4 16. f4 Qg4 17. Rf2 Bf5 18. Bxf5 Qxf5 19. Qxf5 Rxf5 20. g4
Rf7 21. f5 e4 22. Re1 Nf3+ 23. Rxf3 exf3 24. Kf2 Kg8 25. h4 Rd7 26. h5 c6 27.
Re6 d5 28. c5 Rf8 29. Kxf3 Kf7 30. h6 gxh6 31. Rxh6 Kg8 32. Bf6 Rh7 33. Rg6+
Kf7 34. Be5 Re8 35. Kf4 Kf8 36. Rd6 Rhe7 37. Rf6+ Kg8 38. Bd6 Re4+ 39. Kg5 Kg7
40. Rg6+ Kf7 41. Kh4 Rg8 42. Rxg8 Kxg8 43. Kg3 Kf7 44. g5 Re2 45. Kf3 Re4 46.
Bb8 Re8 47. Bf4 d4 48. b4 d3 49. Be3 Re5 50. g6+ Kg8 51. Kf4 Rd5 52. Bd2 b6 53.
f6 Rd4+ 54. Kf5 Rd5+ 55. Ke6 Rh5 56. f7+ Kf8 57. Kf6 Rf5+ 58. Kxf5 Kg7 59. Bc3+
1-0

[Event "III Open A"]
[Site "Lodi ITA"]
[Date "2007.06.09"]
[Round "2"]
[White "Sbarra, Marco"]
[Black "Brunello, Sabino"]
[Result "0-1"]
[WhiteElo "2247"]
[BlackElo "2454"]
[PlyCount "88"]
[EventDate "2007.06.08"]

1. e4 e5 2. Nf3 Nc6 3. Bb5 a6 4. Bxc6 dxc6 5. Nc3 f6 6. d4 exd4 7. Qxd4 Qxd4 8.
Nxd4 Bd6 9. Be3 Ne7 10. O-O-O Bd7 11. f4 Ng6 12. Rhf1 O-O-O 13. Rde1 Rhe8 14.
f5 Ne5 15. h3 Re7 16. Bf4 Rde8 17. g4 b6 18. Nce2 b5 19. Ng3 g5 20. Bxe5 Bxe5
21. Nh5 Rg8 22. Ne2 Be8 23. Rg1 Bf7 24. Kb1 c5 25. Rd1 Rd7 26. Rxd7 Kxd7 27.
Rd1+ Ke7 28. Nhg3 h5 29. Nxh5 Bxh5 30. gxh5 Rh8 31. h4 gxh4 32. Rh1 Rxh5 33.
Rh3 Rg5 34. Rxh4 Rg2 35. Nc1 c4 36. a3 Kd6 37. Rh1 Kc5 38. Re1 Bg3 39. Rd1 c6
40. Na2 Be5 41. Re1 a5 42. Nc3 Kd4 43. Rd1+ Ke3 44. Re1+ Kf3 0-1

[Event "III Open A"]
[Site "Lodi ITA"]
[Date "2007.06.09"]
[Round "2"]
[White "You Zi Chih, Stefano"]
[Black "Malakhatko, Vadim"]
[Result "0-1"]
[WhiteElo "2087"]
[BlackElo "2598"]
[PlyCount "74"]
[EventDate "2007.06.08"]

1. e4 c5 2. Nf3 e6 3. d4 cxd4 4. Nxd4 a6 5. Nc3 b5 6. Bd3 Qb6 7. Nf3 Qc7 8. O-O
Bb7 9. Qe2 d6 10. a4 b4 11. Na2 d5 12. e5 Nc6 13. Bd2 Bc5 14. c3 bxc3 15. Nxc3
Nd4 16. Nxd4 Bxd4 17. Rfe1 Ne7 18. Kh1 Ng6 19. f4 O-O 20. Qg4 Ba7 21. Rf1 Rab8
22. h4 Qe7 23. Be1 f5 24. exf6 Qxf6 25. Bg3 Ne7 26. f5 exf5 27. Bxb8 Bxb8 28.
Rae1 fxg4 29. Rxf6 Rxf6 30. Rxe7 Bc6 31. Bxa6 Kf8 32. Re1 d4 33. Ne2 Rh6 34.
Bb5 Bxb5 35. axb5 d3 36. Nc3 Rxh4+ 37. Kg1 Ba7+ 0-1

[Event "III Open A"]
[Site "Lodi ITA"]
[Date "2007.06.09"]
[Round "2"]
[White "Zozulia, Anna"]
[Black "Bove, Alessandro"]
[Result "1-0"]
[WhiteElo "2344"]
[BlackElo "2120"]
[PlyCount "87"]
[EventDate "2007.06.08"]

1. e4 Nf6 2. e5 Nd5 3. d4 d6 4. Nf3 g6 5. Be2 Bg7 6. c4 Nb6 7. exd6 cxd6 8. Nc3
O-O 9. O-O Nc6 10. Be3 Bg4 11. b3 Rc8 12. Rc1 d5 13. c5 Na8 14. b4 a6 15. Qb3
e5 16. Nxe5 Nxe5 17. dxe5 Bxe2 18. Nxe2 Bxe5 19. Bd4 Re8 20. Bxe5 Rxe5 21. Nd4
Nc7 22. Rfe1 Rxe1+ 23. Rxe1 Qf6 24. Qh3 Re8 25. Rxe8+ Nxe8 26. Qe3 Nc7 27. h3
Kg7 28. Nb3 Ne6 29. Na5 Qa1+ 30. Kh2 Qb2 31. a3 Nd8 32. f4 Qf6 33. a4 Nc6 34.
Nxb7 Nxb4 35. Nd6 Kf8 36. Kg1 Qe6 37. Qc3 Nc6 38. Qh8+ Ke7 39. Qe8+ Kf6 40.
Qh8+ Ke7 41. Kh2 Nb4 42. Qe8+ Kf6 43. Qd8+ Kg7 44. Ne8+ 1-0

[Event "III Open A"]
[Site "Lodi ITA"]
[Date "2007.06.09"]
[Round "3"]
[White "Bianchi, Andrea"]
[Black "Zelcic, Robert"]
[Result "0-1"]
[WhiteElo "2131"]
[BlackElo "2554"]
[PlyCount "58"]
[EventDate "2007.06.08"]

1. e4 Nf6 2. e5 Nd5 3. d4 d6 4. Nf3 dxe5 5. dxe5 Nc6 6. Bc4 Ndb4 7. c3 Qxd1+ 8.
Kxd1 Na6 9. b4 Bg4 10. Re1 O-O-O+ 11. Kc2 Bxf3 12. gxf3 e6 13. Nd2 Nab8 14. f4
Nd7 15. Ne4 h6 16. Bb5 Ne7 17. Be3 a6 18. Ba4 Nf5 19. Red1 Be7 20. a3 g5 21.
Rd3 Rhg8 22. Ng3 Nh4 23. Rad1 b5 24. Bb3 gxf4 25. Bxf4 Ng6 26. Bc1 Ngxe5 27.
Rd4 h5 28. Rf4 Nf6 29. Re1 Nd3 0-1

[Event "III Open A"]
[Site "Lodi ITA"]
[Date "2007.06.09"]
[Round "3"]
[White "Borgo, Giulio"]
[Black "Rombaldoni, Axel"]
[Result "1-0"]
[WhiteElo "2418"]
[BlackElo "2221"]
[PlyCount "119"]
[EventDate "2007.06.08"]

1. e4 c5 2. Nf3 d6 3. d4 cxd4 4. Nxd4 Nf6 5. f3 Bd7 6. c4 g6 7. Be3 Bg7 8. Nc3
O-O 9. Qd2 Nc6 10. Nb3 Rc8 11. Rc1 Ne5 12. Nb1 a6 13. Na3 Bc6 14. Be2 b6 15.
O-O Bb7 16. Rfd1 Ned7 17. Nc2 Rc7 18. Nb4 Qa8 19. Nd5 Bxd5 20. cxd5 Rfc8 21.
Nd4 b5 22. Nc6 Kf8 23. Na7 Rxc1 24. Rxc1 Rxc1+ 25. Qxc1 Nc5 26. Nc6 Nfd7 27. b3
e5 28. b4 Na4 29. Na5 Ke8 30. Bd1 Nab6 31. Qc7 Nc8 32. Nb7 Bf6 33. a4 Be7 34.
axb5 axb5 35. Be2 Qb8 36. Qc6 Na7 37. Qa6 Nc8 38. Bxb5 Qc7 39. Qa8 f5 40. Bc6
Kf7 41. Qa4 Ndb6 42. g3 Bd8 43. Qb5 Kf6 44. Qd3 Be7 45. exf5 gxf5 46. g4 f4 47.
Bf2 Kg7 48. Kg2 h6 49. Be8 Bf8 50. Qg6+ Kh8 51. Bf7 Bg7 52. Qe6 Nd7 53. Qe8+
Bf8 54. Nd8 Ne7 55. Be6 e4 56. Bd4+ Ne5 57. Qxf8+ Kh7 58. Bf5+ Nxf5 59. Qxf5+
Kg8 60. Qe6+ 1-0

[Event "III Open A"]
[Site "Lodi ITA"]
[Date "2007.06.09"]
[Round "3"]
[White "Bove, Alessandro"]
[Black "Sbarra, Marco"]
[Result "1-0"]
[WhiteElo "2120"]
[BlackElo "2247"]
[PlyCount "121"]
[EventDate "2007.06.08"]

1. d4 d5 2. Nf3 e6 3. c4 c5 4. cxd5 exd5 5. g3 Nc6 6. Bg2 Nf6 7. O-O Be7 8.
dxc5 Bxc5 9. Nbd2 O-O 10. Nb3 Bb6 11. Nbd4 Bg4 12. Be3 Re8 13. Rc1 Qd7 14. Nxc6
Bxf3 15. Nd4 Bxg2 16. Kxg2 Re4 17. Nc2 d4 18. Bg5 Nd5 19. Na3 Rae8 20. Re1 Qg4
21. Bd2 R4e5 22. h4 h6 23. e4 Qxd1 24. Rcxd1 Rxe4 25. Nc4 Bc5 26. Na5 b6 27.
Nc6 Rxe1 28. Bxe1 Re2 29. b4 Rxe1 30. Rxe1 Nxb4 31. Re8+ Kh7 32. Nxb4 Bxb4 33.
Rd8 Bc3 34. h5 g6 35. Rd7 Kg7 36. hxg6 Kxg6 37. Kf3 b5 38. Rxa7 h5 39. Ke2 f6
40. f3 Kf5 41. Rb7 b4 42. Rb5+ Kg6 43. Kd3 Kh6 44. Ke2 Kg6 45. Rd5 Kh6 46. Kf2
Kg6 47. Kg2 Bb2 48. Kh3 Bc3 49. Kh4 Kf7 50. Rxh5 Ke6 51. Kg4 d3 52. Kf4 d2 53.
Rh1 Kd5 54. Ke3 f5 55. Rd1 Ke5 56. Ke2 Kd4 57. Rxd2+ Bxd2 58. Kxd2 Kc4 59. Kc2
Kd4 60. g4 f4 61. Kb3 1-0

[Event "III Open A"]
[Site "Lodi ITA"]
[Date "2007.06.09"]
[Round "3"]
[White "Brunello, Sabino"]
[Black "Dragojlovic, Andjelko"]
[Result "1/2-1/2"]
[WhiteElo "2454"]
[BlackElo "2412"]
[PlyCount "84"]
[EventDate "2007.06.08"]

1. e4 c5 2. Nf3 g6 3. c4 Nc6 4. d4 cxd4 5. Nxd4 Nf6 6. Nc3 d6 7. Nc2 Bg7 8. Be2
O-O 9. O-O Nd7 10. Bd2 Nc5 11. b4 Ne6 12. Rc1 a5 13. a3 axb4 14. axb4 Ned4 15.
Nxd4 Nxd4 16. Be3 Nxe2+ 17. Qxe2 Ra3 18. Nd5 Be6 19. Rfd1 Qd7 20. c5 Bxd5 21.
exd5 Rc8 22. b5 dxc5 23. Bxc5 Raa8 24. Qxe7 Qxb5 25. d6 Bf8 26. Qe3 Qd7 27. Bb4
b5 28. h3 h5 29. Qe5 Re8 30. Rc7 Rxe5 31. Rxd7 Re4 32. Bc5 Rc4 33. Rc7 Rd8 34.
Rd3 Rc1+ 35. Kh2 h4 36. g3 hxg3+ 37. Kxg3 b4 38. Bxb4 Rxc7 39. dxc7 Rxd3+ 40.
Kg2 Bxb4 41. c8=Q+ Bf8 42. Qc4 Rd6 1/2-1/2

[Event "III Open A"]
[Site "Lodi ITA"]
[Date "2007.06.09"]
[Round "3"]
[White "Fedorchuk, Sergey A."]
[Black "Martinez, Rolly"]
[Result "1/2-1/2"]
[WhiteElo "2603"]
[BlackElo "2422"]
[PlyCount "139"]
[EventDate "2007.06.08"]

1. e4 c5 2. Nf3 Nc6 3. Bb5 e6 4. O-O Nge7 5. c3 a6 6. Ba4 b5 7. Bc2 Bb7 8. Qe2
Ng6 9. d4 Be7 10. Rd1 O-O 11. Nbd2 cxd4 12. cxd4 Rc8 13. Nf1 Qc7 14. Bb1 Rfe8
15. Be3 Na5 16. b3 Nc6 17. a4 bxa4 18. Rxa4 Nb4 19. Bg5 f6 20. Bd2 a5 21. h4 f5
22. h5 Nf4 23. Bxf4 Qxf4 24. exf5 Nd5 25. fxe6 Nc3 26. Qd3 Be4 27. Qd2 Qxd2 28.
Rxd2 d5 29. Bxe4 dxe4 30. Rxa5 exf3 31. gxf3 Bb4 32. Re5 Bd6 33. Re1 Nd5 34.
Ra2 Rc6 35. Ng3 Nb4 36. Ra7 Bxg3 37. fxg3 Rcxe6 38. Rxe6 Rxe6 39. Ra4 Nc2 40.
Rc4 Re2 41. d5 Rd2 42. Rc8+ Kf7 43. Rc7+ Kf6 44. h6 gxh6 45. Rxh7 Kg6 46. Rc7
Nd4 47. f4 Kf5 48. d6 Nf3+ 49. Kf1 Rxd6 50. Kf2 Nd2 51. Rf7+ Kg6 52. Rb7 Ne4+
53. Kf3 Nc5 54. Rb5 Rd3+ 55. Kg4 Nd7 56. Kh4 Rd4 57. Rb7 Nf6 58. Rb6 Rd1 59. g4
Rg1 60. Kh3 Kf7 61. Rb7+ Ke6 62. Rb6+ Ke7 63. Rb7+ Ke6 64. Rb6+ Kf7 65. Rb7+
Kg6 66. Rb6 Kf7 67. Rb7+ Ke6 68. Rb6+ Kf7 69. Rb7+ Kg6 70. Rb6 1/2-1/2

[Event "III Open A"]
[Site "Lodi ITA"]
[Date "2007.06.09"]
[Round "3"]
[White "Gonda, Laszlo"]
[Black "Genocchio, Daniele"]
[Result "0-1"]
[WhiteElo "2501"]
[BlackElo "2327"]
[PlyCount "54"]
[EventDate "2007.06.08"]

1. d4 c5 2. d5 e6 3. Nc3 exd5 4. Nxd5 Nf6 5. e4 Nxd5 6. Qxd5 Nc6 7. Nf3 Be7 8.
Bc4 O-O 9. Ng5 Qe8 10. O-O Nb4 11. Qd1 Bxg5 12. Bxg5 Qxe4 13. Bb3 d5 14. Re1
Qg6 15. Be7 Re8 16. Bxc5 Rxe1+ 17. Qxe1 Bh3 18. Qf1 Nxc2 19. Rc1 Bf5 20. Qe2 b6
21. Bxd5 Rc8 22. Bb4 h6 23. Bc3 Nb4 24. Bb7 Nxa2 25. Bxc8 Nxc1 26. Qe8+ Kh7 27.
Ba6 Be4 0-1

[Event "III Open A"]
[Site "Lodi ITA"]
[Date "2007.06.09"]
[Round "3"]
[White "Lazic, Miroljub"]
[Black "Giretti Kanev, Jasen"]
[Result "1/2-1/2"]
[WhiteElo "2450"]
[BlackElo "2184"]
[PlyCount "42"]
[EventDate "2007.06.08"]

1. Nf3 Nf6 2. b3 b6 3. Bb2 Bb7 4. e3 e6 5. Be2 Be7 6. O-O O-O 7. c4 d6 8. d4
Nbd7 9. Nc3 d5 10. cxd5 exd5 11. Ne5 a6 12. Rc1 Re8 13. Qc2 Nf8 14. Nb1 Bd6 15.
Ba3 Rc8 16. Nf3 c5 17. Qb2 Ng6 18. dxc5 bxc5 19. b4 c4 20. b5 Qe7 21. bxa6 Bxa6
1/2-1/2

[Event "III Open A"]
[Site "Lodi ITA"]
[Date "2007.06.09"]
[Round "3"]
[White "Malakhatko, Vadim"]
[Black "Rombaldoni, Denis"]
[Result "1-0"]
[WhiteElo "2598"]
[BlackElo "2368"]
[PlyCount "95"]
[EventDate "2007.06.08"]

1. d4 Nf6 2. c4 e6 3. Nf3 b6 4. g3 Ba6 5. b3 Bb7 6. Bg2 Bb4+ 7. Bd2 a5 8. Nc3
O-O 9. O-O d5 10. cxd5 exd5 11. Rc1 Na6 12. Ne5 Ba3 13. Rb1 Be7 14. Bg5 Ne4 15.
Bxe7 Nxc3 16. Bxd8 Nxd1 17. Rfxd1 Rfxd8 18. Rbc1 f6 19. Nd3 Rd6 20. h4 Re8 21.
e3 Re7 22. a3 c6 23. Nb2 Kf8 24. Na4 b5 25. Nc5 Bc8 26. Nxa6 Bxa6 27. Bf1 Ra7
28. Rc5 Bb7 29. a4 b4 30. Bd3 g6 31. Rdc1 f5 32. h5 Kg7 33. Kg2 Rf6 34. hxg6
hxg6 35. g4 fxg4 36. Be2 Rf8 37. Bxg4 Ba8 38. Kg3 Rh8 39. Re1 Re8 40. Rh1 Rd8
41. Rh2 Bb7 42. Rc1 Raa8 43. Rch1 Rh8 44. Rxh8 Rxh8 45. Rxh8 Kxh8 46. Kf4 Ba6
47. Ke5 Bd3 48. Bd1 1-0

[Event "III Open A"]
[Site "Lodi ITA"]
[Date "2007.06.09"]
[Round "3"]
[White "Mola, Pietro"]
[Black "Barlocco, Carlo"]
[Result "1/2-1/2"]
[WhiteElo "2276"]
[BlackElo "2119"]
[PlyCount "49"]
[EventDate "2007.06.08"]

1. e4 c5 2. Nf3 d6 3. d4 Nf6 4. Nc3 cxd4 5. Nxd4 Nc6 6. Bc4 Qb6 7. Nxc6 bxc6 8.
O-O e5 9. Bb3 Be7 10. Be3 Qc7 11. Kh1 O-O 12. f4 Ng4 13. Bg1 exf4 14. Rxf4 Ne5
15. Qh5 a5 16. Raf1 g6 17. Qh6 Ba6 18. Rxf7 Rxf7 19. Rxf7 Nxf7 20. Bxf7+ Kxf7
21. Qxh7+ Ke8 22. Qxg6+ Kd7 23. Qg4+ Ke8 24. Qg6+ Kd7 25. Qg4+ 1/2-1/2

[Event "III Open A"]
[Site "Lodi ITA"]
[Date "2007.06.09"]
[Round "3"]
[White "Mrdja, Milan"]
[Black "Delchev, Aleksander"]
[Result "1-0"]
[WhiteElo "2367"]
[BlackElo "2600"]
[PlyCount "67"]
[EventDate "2007.06.08"]

1. e4 c5 2. Nf3 Nc6 3. d4 cxd4 4. Nxd4 Nf6 5. Nc3 d6 6. Bc4 Qb6 7. Nde2 e6 8.
Bb3 Be7 9. h3 O-O 10. O-O a6 11. Bg5 Rd8 12. Qd3 h6 13. Be3 Qc7 14. f4 b5 15.
a3 Ne5 16. fxe5 dxe5 17. Nd5 exd5 18. exd5 e4 19. Qd4 Bb7 20. Nc3 Rac8 21. Rad1
Bd6 22. Rf5 Qe7 23. Rdf1 Bc5 24. Qd2 Rd6 25. Bxc5 Rxc5 26. Qd4 Rc8 27. Re5 Qd8
28. Nxe4 Nxe4 29. Qxe4 f6 30. Re7 Bxd5 31. Bxd5+ Rxd5 32. Rxf6 Rg5 33. Qe6+ Kh8
34. Rxh6+ 1-0

[Event "III Open A"]
[Site "Lodi ITA"]
[Date "2007.06.09"]
[Round "3"]
[White "Saccona, Silvano"]
[Black "Okhotnik, Vladimir"]
[Result "0-1"]
[WhiteElo "2159"]
[BlackElo "2484"]
[PlyCount "58"]
[EventDate "2007.06.08"]

1. d4 d6 2. e4 Nf6 3. Nc3 e5 4. Nf3 Nbd7 5. Be3 Be7 6. Qd2 c6 7. O-O-O Ng4 8.
Bd3 Nxe3 9. fxe3 Qa5 10. Kb1 b5 11. h4 a6 12. Qf2 b4 13. Ne2 Nf6 14. Nc1 Qc7
15. Nd2 Be6 16. Rdf1 h5 17. Qe2 Ng4 18. Bc4 d5 19. Bd3 a5 20. exd5 cxd5 21. e4
O-O 22. dxe5 a4 23. Nf3 a3 24. Qe1 axb2 25. Kxb2 Nxe5 26. Kb1 Nxd3 27. cxd3
dxe4 28. Qxe4 Bxa2+ 29. Nxa2 Rxa2 0-1

[Event "III Open A"]
[Site "Lodi ITA"]
[Date "2007.06.09"]
[Round "3"]
[White "Sciortino, Massimo"]
[Black "Pelizzola, Danilo"]
[Result "1-0"]
[WhiteElo "2254"]
[BlackElo "2070"]
[PlyCount "83"]
[EventDate "2007.06.08"]

1. e4 e5 2. Nf3 Nc6 3. Bc4 Bc5 4. d3 Nf6 5. Nc3 d6 6. h3 Be6 7. Bb5 a6 8. Bxc6+
bxc6 9. Be3 Bb6 10. O-O Qd7 11. Ng5 O-O 12. Na4 Rab8 13. Nxb6 cxb6 14. f4 exf4
15. Bxf4 h6 16. Nf3 Rbe8 17. Qd2 Kh7 18. Nh4 Nh5 19. Be3 Qd8 20. Nf5 Bxf5 21.
Rxf5 Re5 22. Rxe5 dxe5 23. Qf2 Nf4 24. Bxb6 Qg5 25. Kh2 Ne6 26. Be3 Qg6 27. Rf1
f6 28. Qf5 Qxf5 29. Rxf5 Rb8 30. b3 Kg6 31. a4 Kf7 32. Rf1 Ke7 33. Kg3 Rb7 34.
Kf3 Rb8 35. Ke2 h5 36. g3 g6 37. Kd2 g5 38. Kc3 Rb7 39. h4 g4 40. Kc4 Rb8 41.
Bc5+ Kf7 42. Bd6 1-0

[Event "III Open A"]
[Site "Lodi ITA"]
[Date "2007.06.09"]
[Round "3"]
[White "Sibilio, Mario"]
[Black "Czebe, Attila"]
[Result "1/2-1/2"]
[WhiteElo "2383"]
[BlackElo "2500"]
[PlyCount "93"]
[EventDate "2007.06.08"]

1. Nf3 c5 2. b3 d5 3. e3 Nf6 4. Bb2 e6 5. Ne5 Bd6 6. f4 O-O 7. Bd3 Nc6 8. O-O
Nb4 9. Be2 Nd7 10. Nf3 Nc6 11. c4 d4 12. Na3 Nf6 13. Nc2 dxe3 14. dxe3 Qc7 15.
Bxf6 gxf6 16. Bd3 f5 17. Qe1 f6 18. Nh4 Rf7 19. Qf2 Bd7 20. Kh1 Kh8 21. Rad1
Rg8 22. Ne1 Bf8 23. Be2 Rfg7 24. Bf3 Be7 25. g3 Nd8 26. Qc2 Nf7 27. Nd3 Nd6 28.
Nf2 Bc6 29. Qe2 b5 30. Rfe1 bxc4 31. bxc4 Rb8 32. Rb1 Rgg8 33. Rb3 Rb4 34. Rxb4
cxb4 35. Rc1 Qb7 36. Kg1 Ne4 37. Bxe4 Bxe4 38. Nxe4 Qxe4 39. c5 Rc8 40. Rc4
Qb1+ 41. Kg2 Rxc5 42. Kh3 Qg1 43. Qh5 Qf1+ 44. Ng2 Rxc4 45. Qe8+ Kg7 46. Qxe7+
Kg6 47. Qe8+ 1/2-1/2

[Event "III Open A"]
[Site "Lodi ITA"]
[Date "2007.06.09"]
[Round "3"]
[White "Szakolczai, Peter"]
[Black "Pomaro, Alberto"]
[Result "1-0"]
[WhiteElo "2287"]
[BlackElo "2128"]
[PlyCount "61"]
[EventDate "2007.06.08"]

1. e4 c6 2. Nf3 d5 3. exd5 cxd5 4. Ne5 Nf6 5. d4 e6 6. Bd3 Be7 7. c3 Nc6 8. f4
Qc7 9. O-O O-O 10. Nd2 Nd7 11. Ndf3 f6 12. Nxc6 bxc6 13. Qe2 e5 14. fxe5 fxe5
15. dxe5 Rxf3 16. Qxf3 Nxe5 17. Qg3 Bd7 18. Kh1 Bd6 19. Bf4 Rf8 20. Bc2 Bf5 21.
Bxf5 Rxf5 22. Bxe5 Rxe5 23. Qh3 g6 24. Rae1 Rh5 25. Qe6+ Kg7 26. h3 Rg5 27.
Qf6+ Kh6 28. Re6 Be5 29. Qe7 c5 30. Rf7 Qxe7 31. Rexe7 1-0